000 00286nam a2200121Ia 4500
008 190216s9999||||xx |||||||||||||| ||und||
100 _aSatish Chandra
245 0 _aLatest Sample Question Paper
260 _bSatish Brothers
_c2003
300 _a552
650 _aPhysics
942 _cREF
999 _c36717
_d36717